ბათუმის შოთა რუსთაველის სახელმწიფო უნივერსიტეტის ბიბლიოთეკა

Энергетические установки электростанций. (ბიბ.ჩანაწერი № 40644)

000 -LEADER
fixed length control field 00729nam a2200217Ia 4500
001 - CONTROL NUMBER
control field 7272
003 - CONTROL NUMBER IDENTIFIER
control field GE_BSU
008 - FIXED-LENGTH DATA ELEMENTS--GENERAL INFORMATION
fixed length control field 181216s||||||||xx |||||||||||||| ||und||
040 ## - CATALOGING SOURCE
Transcribing agency GE_BSU
080 ## - UNIVERSAL DECIMAL CLASSIFICATION NUMBER
Universal Decimal Classification number 621.311.2(075.8)
100 ## - MAIN ENTRY--PERSONAL NAME
Personal name Волкова,Э.П. Ведяев, В.А. Обрезков,В.И.
245 ## - TITLE STATEMENT
Title Энергетические установки электростанций.
245 ## - TITLE STATEMENT
Remainder of title Учебник для вузов.
245 ## - TITLE STATEMENT
Statement of responsibility, etc. Под ред. Э.П.Волкова.
260 ## - PUBLICATION, DISTRIBUTION, ETC.
Place of publication, distribution, etc. М.
260 ## - PUBLICATION, DISTRIBUTION, ETC.
Name of publisher, distributor, etc. Энергоатомиздат.
260 ## - PUBLICATION, DISTRIBUTION, ETC.
Date of publication, distribution, etc. 1983.
300 ## - PHYSICAL DESCRIPTION
Extent 280стр. 25см. с илл.
653 ## - INDEX TERM--UNCONTROLLED
Uncontrolled term Энергетические установки электростанций.
942 ## - ADDED ENTRY ELEMENTS (KOHA)
Koha item type წიგნი
ეგზემპლარები
Withdrawn status Lost status Damaged status Not for loan Date acquired Barcode Date last seen Price effective from Koha item type
        2018-12-17 10124 2018-12-17 2018-12-17 წიგნი